Chanson par lieux #3 - Statistiques

Statistiques générales
  • Ce quiz a été pris 27 fois
  • Le résultat moyen est 6 sur 20
Statistiques - réponses
Par images Hint Réponse % Correct
Solann Rome
79%
Telephone New-York avec toi
71%
Keen'V Tahiti
71%
Georges Ezra Budapest
67%
Camila Cabello & Young Thug Havana
58%
The Beatles Here Comes The Sun
38%
Kalash & Damso Mwaka Moon
33%
Labrinth Mount Everest
29%
Dinos Helsinki
25%
Gojira Amazonia
17%
Coldplay & Rihanna Princess of China
17%
Sttellla Torremolinos
17%
Mike Posner I Took a Pill in Ibiza
13%
The Weeknd & Anitta São Paulo
13%
Maluma Hawài
8%
ELO (Electric Light Orchestra) Last Train to London
8%
Gorillaz ( & DRAM) Andromeda
4%
Steve Goodman City of New Orleans
4%
Muse Verona
4%
Mountain Mississippi Queen
0%
Aucun quiz correspondant
Distribution des résultats
% des personnes avec chaque résultat
Percentile par nombre de réponses
Votre historique - résultats
Vous n’avez pas pris ce quiz